| 000 | 00483nam a2200169Ia 4500 | ||
|---|---|---|---|
| 999 |
_c34729 _d34729 |
||
| 003 | OSt | ||
| 005 | 20200907122122.0 | ||
| 008 | 190216s9999||||xx |||||||||||||| ||und|| | ||
| 020 | _a9788173714610 | ||
| 040 | _coclc | ||
| 082 |
_a536.7 _bRAO/I |
||
| 100 |
_aRao, Y V C _94468 |
||
| 245 | 3 |
_aAn Introduction To Thermodynamics / _cY V C Rao |
|
| 260 |
_bUniversities Press, _c2012. _aHyderbad: |
||
| 300 | _a479p | ||
| 942 |
_cBK _2ddc _h536.7 _iRAO/I _k536.7 _mRAO/I |
||